000 00689nam a2200193 i 4500
001 30779
003 ES-MaACL
005 20251003180836.0
007 t|
008 030127s1927 fr |||| | fre d
100 1 _aBellessort, André.
_927200
245 1 0 _aSainte-Beuve et le dix-neuvième siècle
_b: cours professé à la Société des Conférences / André Bellessort.
260 _aParís :
_bPerrin,
_c1927 (
_fE. Grevin)
300 _a354 p., 5 lám. :
_bil. ;
_c20 cm.
600 1 7 _aSainte-Beuve, Charles-Augustin,
_d1804-1869
_2
_9162958
650 4 _aLiteratura francesa-
_yS.XIX-
_xHistoria y crítica
_914589
852 _aES-MaACL
_jA-2437
999 _c30779
_d30779